Statystyki dla Ulice na których znajdują się tory tramwajowe (Łódź)

Kliknij tutaj aby rozwiązać quiz!

Ogólne statystyki

  • Ten quiz został rozwiązany 31 razy
    (26 od ostatniego zresetowania)
  • Średni wynik to 43 z 85

Statystyki odpowiedzi

ŁódźUlica% Poprawnych
NieczynneZgierska
95%
CzynneZgierska
95%
CzynnePabianicka
90%
CzynnePiłsudskiego
90%
CzynnePiotrkowska
90%
CzynneZachodnia
90%
CzynneAleksandrowska
85%
CzynneKilińskiego
85%
NieczynneKilińskiego
85%
RemontowaneLegionów
85%
CzynnePomorska
85%
CzynneRzgowska
85%
CzynneKościuszki
80%
CzynneWłókniarzy
80%
CzynneFranciszkańska
75%
CzynneNarutowicza
75%
RemontowanePółnocna
75%
CzynneRokicińska
75%
RemontowaneŚmigłego-Rydza
75%
CzynneDąbrowskiego
70%
NieczynneGdańska
70%
CzynneGdańska
70%
RemontowaneKonstantynowska
70%
CzynneŁódzka
70%
CzynneŁódzka
70%
RemontowaneŁódzka
70%
RemontowaneWojska Polskiego
70%
RemontowanePrzybyszewskiego
65%
CzynneTelefoniczna
65%
NieczynneWarszawska
65%
CzynneWarszawska
65%
CzynneŻeromskiego
65%
NieczynneZielona
65%
NieczynneZielona
65%
CzynneKopcińskiego
60%
CzynneLimanowskiego
60%
CzynneTramwajowa
60%
CzynneHetmańska
55%
RemontowaneJana Pawła II
55%
CzynnePolitechniki
55%
RemontowaneStrykowska
55%
Odcięte od sieciCzerwona
50%
RemontowaneOgrodowa
50%
CzynneWęglowa
50%
NieczynneLutomierska
45%
NieczynneNowomiejska
45%
NieczynneWyszyńskiego
45%
CzynneWyszyńskiego
45%
CzynneBandurskiego
40%
CzynneDolna
40%
CzynneKopernika
40%
Odcięte od sieciŁagiewnicka
40%
CzynneŁagiewnicka
40%
CzynneRodziny Poznańskich
40%
Odcięte od sieci
(zabytkowe)
Struga
40%
Czynne1 Maja
35%
CzynneKarolewska
35%
CzynneKonstytucyjna
35%
CzynneLodowa
35%
CzynneOfiar Terroryzmu 11 Września
35%
CzynnePaderewskiego
35%
CzynnePuszkina
35%
NieczynneSrebrzyńska
35%
Odcięte od sieciWróblewskiego
35%
CzynneBratysławska
30%
NieczynneNiższa
30%
NieczynneOzorkowska
30%
CzynnePolskiej Organizacji Wojskowej (P.O.W)
30%
CzynneŻwirki
30%
RemontowaneCmentarna
25%
CzynneZamkowa
25%
CzynneŁaska
20%
NieczynneŁęczycka
20%
CzynneOdnowiciela
20%
NieczynnePołudniowa
15%
Odcięte od sieci
(zabytkowe)
Plac Kościuszki
10%
NieczynneLućmierska
5%
Konstantynów ŁódzkiUlica
5%
PabianiceUlica
5%
KsawerówUlica
5%
LutomierskUlica
5%
Ozorków, Emilia,
Aleksandria i Słowik
Ulica
5%
Zgierz i LućmierzUlica
5%
NieczynneKonstytucji 3 Maja
0%
Aleksandrów ŁódzkiUlica (Plac)
0%

Rozkład punktacji

Percentyl według liczby udzielonych odpowiedzi

Procent ludzi z każdym wynikiem

Twoja historia wyników

Nie rozwiązałeś tego quizu od ostatniego zresetowania